Normal view MARC view
  • Achoy Sánchez, José Mario

Entry Nombre Personal

Number of records used in: 1

001 - NUMERO DE CONTROL

  • campo de control: 48779

003 - IDENTIFICADOR DE NUMERO DE CONTROL

  • campo de control: UPN

005 - FECHA Y HORA DE LA ÜLTIMA TRANSACCIÓN

  • campo de control: 20230503110443.0

008 - DATOS DE LONGITUD FIJA

  • campo de control de longitud fija: 230503|| acn||aabn | a|a d

024 7# - OTROS IDENTIFICADORES NORMALIZADOS

  • Fuente: orcid
  • Número normalizado o código: https://orcid.org/0000-0003-0942-6318

040 ## - FUENTE DE CATALOGACIÓN

  • Agencia original de catalogación: MX-MxUPN

100 ## - ENCABEZAMIENTO - NOMBRE PERSONAL

  • Nombre personal: Achoy Sánchez, José Mario

370 ## - LUGAR ASOCIADO

  • Associated country: Costa Rica

371 ## - DIRECCIÓN

  • Electronic mail address: jose.achoy@ucr.ac.cr

372 ## - CAMPO DE ACTIVIDAD

  • Field of activity: Derecho
  • Field of activity: Ciencias políticas

373 ## - GRUPO ASOCIADO

  • Associated group: Universidad de Costa Rica (San José). Área de ciencias sociales

374 ## - OCUPACIÓN

  • Occupation: Profesor - Investigador universitario

670 ## - FUENTE EN LA QUE SE LOCALIZARON DATOS

  • Cita de la fuente: En sitio web: orcid
  • Información localizada: (José Mario Achoy Sánchez)
  • Uniform Resource Identifier: https://orcid.org/0000-0003-0942-6318

902 ## - CATALOGADOR

  • Catalogador: Leonor Sotres/030523